00787nam a2200205Ia 4500003000900000008004100009020001800050040001600068080001700084100002200101245016700123260003400290300001400324490003600338650002900374650001900403942000700422999001700429952013500446IN-BaIIA211028s9999 xx 000 0 eng d a3-540-66517-X cIIA Library a530.145bGRE aGreen, H. S94582 0aInformation theory and quantum physicsbphysical foundations for understanding the conscious processcH. S. Green  aBerlinbSpringer-Verlagc2000 aix, 244p. aTexts and monographs in physics aInformation theory95647 aQuantum theory cBK c15768d15768 00104070aBANbBANcGENd2004-11-27eANJ g3147.90l0o530.145/ GREp16690r2021-11-05v3147.90w2004-11-27yBKGRs. 3147.90